|
|
|
|
| LEADER |
01465nam a2200349 a 4500 |
| 001 |
42372 |
| 003 |
BD-DhAAL |
| 005 |
20240307161422.0 |
| 008 |
240307t1992 nyuab b 001 0 eng d |
| 010 |
|
|
|a 92030356
|
| 020 |
|
|
|a 0393034283 (alk. paper) :
|c $21.95 ($27.99 Can.)
|
| 020 |
|
|
|a 0393309614 (pbk.)
|
| 040 |
|
|
|a DLC
|c DLC
|d DLC
|d BD-DhAAL
|
| 050 |
0 |
0 |
|a TD345
|b .P67 1992
|
| 082 |
0 |
0 |
|a 333.91
|
| 100 |
1 |
|
|a Postel, Sandra.
|9 56103
|
| 245 |
1 |
0 |
|a Last oasis :
|b facing water scarcity /
|c Sandra Postel.
|
| 250 |
|
|
|a First edition.
|
| 264 |
|
|
|a New York :
|b W.W. Norton,
|c c1992.
|
| 300 |
|
|
|a 239 pages :
|b illustrations, map ;
|c 22 cm.
|
| 490 |
|
|
|a The Worldwatch environmental alert series
|
| 504 |
|
|
|a Includes bibliographical references and index.
|
| 541 |
|
|
|a Donation from the Asia Foundation
|e 42372, 42373
|
| 650 |
|
0 |
|a Water-supply.
|
| 650 |
|
0 |
|a Water conservation.
|9 56104
|
| 650 |
|
0 |
|a Water rights.
|
| 830 |
|
|
|a The Worldwatch environmental alert series
|9 56105
|
| 852 |
|
|
|a Ayesha Abed Library
|
| 942 |
|
|
|2 ddc
|c BK
|
| 999 |
|
|
|c 46445
|d 46445
|
| 952 |
|
|
|0 0
|1 0
|2 ddc
|4 0
|6 333_910000000000000_POS
|7 0
|9 75230
|a SCL
|b SCL
|c GEN
|d 2024-03-07
|e Donation from the Asia Foundation
|g 1090.00
|l 0
|o 333.91 POS
|p 3020042372
|r 2024-03-07
|t 1
|w 2024-03-07
|y BK
|x USD 9.95
|
| 952 |
|
|
|0 0
|1 0
|2 ddc
|4 0
|6 333_910000000000000_POS
|7 0
|9 75231
|a SCL
|b SCL
|c GEN
|d 2024-03-07
|e Donation from the Asia Foundation
|g 1090.00
|l 0
|o 333.91 POS
|p 3020042373
|r 2024-03-07
|t 2
|w 2024-03-07
|y BK
|x USD 9.95
|